Screening Mechanisms for Foreign Investement in a Globalized World: Latest Developments
Skríningové mechanizmy v teórii IR. Investičný skríning: najnovšie trendy. Analýza najnovších trendov v skríningu investícií z pohľadu teórie IR.
Na minha lista:
| Autor principal: | |
|---|---|
| Formato: | Capítulo de Livro |
| Idioma: | inglês |
| Assuntos: | |
| Tags: |
Sem tags, seja o primeiro a adicionar uma tag!
|
MARC
| LEADER | 00000naa$a2200000$$$4500 | ||
|---|---|---|---|
| 001 | 0295213 | ||
| 005 | 20240502083949.3 | ||
| 041 | 0 | |a eng | |
| 044 | |a UA | ||
| 245 | 1 | 0 | |a Screening Mechanisms for Foreign Investement in a Globalized World: Latest Developments |c Martin Karas |
| 520 | |a Skríningové mechanizmy v teórii IR. Investičný skríning: najnovšie trendy. Analýza najnovších trendov v skríningu investícií z pohľadu teórie IR. | ||
| 610 | 2 | 0 | |a investície zahraničné |
| 610 | 2 | 0 | |a globalizácia |
| 100 | 1 | |a Karas, Martin, 1991- | |